LEADER 00929nam a2200253 i 4500 001 000000159937 003 CaOOAMICUS 005 20070307000000.0 008 070307s1991 it u000 u ita u 013 $a137300 020 $a88-18-12097-2 040 $aSeMil$bita 100 1 $aCorda, Elettrio.$0(OLS)http://semarc/name/42072 245 10$aGaribaldi in Sardegna /$cElettrio Corda. 260 $aMilano :$bRusconi,$c1991. 300 $a325 p., [4] p. di tav. :$bill. ;$c22 cm. 500 $aContiene : Appendice. - Fondo Card. Giovanni Colombo. 850 $aSeMil 852 $aSeMil$W1$xVenegono$y1$m1H IV 2$j111454$B111454$CSeMilBibl$Z2$F121219 $81 941 1 $a3 961 $aLascito: Colombo Card. Giovanni 996 $6020$a88-18-12097-2$9(OLS)http://semarc/number/75619 996 $6245$aGaribaldi in Sardegna$9(OLS)http://semarc/title/142292 996 $6260$aMilano :$bRusconi$9(OLS)http://semarc/publisher/30258 LEADER 01373nam a2200241 i 4500 001 000000054216 003 CaOOAMICUS 005 20141010000000.0 008 141010s1959 it u000 u ita u 013 $a25388 040 $aSeMil$bita 100 0 $aMaurizio : da S. Mauro Forte,$c.$0(OLS)http://semarc/name/26944 245 13$aLa dimissione dei religiosi in relazione all'Ordine dei Frati Minori :$bCause ed effetti giuridici. Dissertatio ad Lauream in facultate iuris canonici Pontificiae Universitatis Gregorianae /$cMaurizio da S. Mauro Forte. 260 $aRoma :$bDomus Editrix «Ius Seraphicum»,$c1959. 300 $aX, 87 p. ;$c23 cm. 500 $aIn testa al front : Pontificia Universitas Gregoriana. 650 4$aFrancescanesimo.$0(OLS)http://semarc/subject/3586 650 4$aTesi di laurea.$0(OLS)http://semarc/subject/1690 710 2 $aPontificia Universitą Gregoriana .$0(OLS)http://semarc/name/5 850 $aSeMil 852 $aSeMil$W1$xVenegono$y1$m2I I 387$j20370$B20370$CSeMilBibl$Z2$F20372 $81 996 $6245$aLa dimissione dei religiosi in relazione all'Ordine dei Frati Minori :$bCause ed effetti giuridici. Dissertatio ad Lauream in facultate iuris canonici Pontificiae Universitatis Gregorianae$9(OLS)http://semarc/title/83860 996 $6260$aRoma :$bDomus Editrix «Ius Seraphicum»$9(OLS)http://semarc/publisher/41734